The very large church / (Record no. 17890)

000 -LEADER
fixed length control field 00976cam a22002894a 4500
001 - CONTROL NUMBER
control field 11769981
003 - CONTROL NUMBER IDENTIFIER
control field OkBaRHE
005 - DATE AND TIME OF LATEST TRANSACTION
control field 20110930145600.0
008 - FIXED-LENGTH DATA ELEMENTS--GENERAL INFORMATION
fixed length control field 990812s2000 tnu b 000 0 eng
010 ## - LIBRARY OF CONGRESS CONTROL NUMBER
LC control number 99044994
020 ## - INTERNATIONAL STANDARD BOOK NUMBER
International Standard Book Number 0687090458 (alk. paper)
035 ## - SYSTEM CONTROL NUMBER
System control number (DLC) 99044994
040 ## - CATALOGING SOURCE
Original cataloging agency DLC
Transcribing agency DLC
Modifying agency DLC
042 ## - AUTHENTICATION CODE
Authentication code pcc
050 00 - LIBRARY OF CONGRESS CALL NUMBER
Classification number BV 637.9
Item number .S34 2000
082 00 - DEWEY DECIMAL CLASSIFICATION NUMBER
Classification number 254
Edition number 21
100 1# - MAIN ENTRY--PERSONAL NAME
Personal name Schaller, Lyle E.
9 (RLIN) 1443
245 14 - TITLE STATEMENT
Title The very large church /
Statement of responsibility, etc Lyle E. Schaller.
260 ## - PUBLICATION, DISTRIBUTION, ETC. (IMPRINT)
Place of publication, distribution, etc Nashville, TN :
Name of publisher, distributor, etc Abingdon Press,
Date of publication, distribution, etc c2000.
300 ## - PHYSICAL DESCRIPTION
Extent 247 p. ;
Dimensions 22 cm.
504 ## - BIBLIOGRAPHY, ETC. NOTE
Bibliography, etc Includes bibliographical references (p. 243-247).
650 #0 - SUBJECT ADDED ENTRY--TOPICAL TERM
Topical term or geographic name as entry element Big churches.
9 (RLIN) 1444
906 ## - LOCAL DATA ELEMENT F, LDF (RLIN)
a 7
b cbc
c orignew
d 1
e ocip
f 19
g y-gencatlg
942 ## - ADDED ENTRY ELEMENTS (KOHA)
Source of classification or shelving scheme
Koha item type Books
Copies
Source of classification or shelving scheme Damaged status Date acquired Date last seen Koha item type Price effective from Lost status Withdrawn status Permanent Location Barcode Full call number Shelving location Not for loan Copy number Current Location
  2011-09-302011-09-30Books2011-09-30  RHEMA Bible Training College22120BV 637.9 .S34 2000General Stacks 1RHEMA Bible Training College